000 00861nam a22002777a 4500
003 CHAP
005 20230602111426.0
008 080519d1993 mx r 00010 spa d
010 _a94811
011 _a95783
035 _a106414
040 _cCHAP
082 _a574.192
_bH4 1993
100 1 0 _aHerrera, Emilio
_954963
245 1 0 _aElementos de bioquímica
_c/por Emilio Herrera
260 _aMéxico :
_bInteramericana McGraw--Hill,
_c1993
300 _axii, 1076 p.
_b: ilus
590 _aBATCH-UPD
_b10
_c20130110
_lUCH01
_h0728
590 _aBATCH-UPD
_b10
_c20130410
_lUCH01
_h0411
590 _aBATCH-UPD
_b10
_c20130914
_lUCH01
_h0645
590 _aCONVERSION
_b10
_c20130109
_lUCH01
_h1352
650 1 4 _aBioquímica.
_912849
901 _aBK
942 _cLIBRO
949 _a574.192 H4 1993
_bBC
_cLIBRO
_d33724002060512
_eLIBRO
_gI.10180525
_h90109
_i106414
_si
999 _c94811
_d94811